00596 2200205 4500001002100000005001500021035002000036245006800056100003000124250002000154300001200174856003600186700005300222260003500275082001200310084001800322020002200340650001400362520001400376INLIS00000000000233320210531115706 a0010-05210003211 aMahir Akuntansi Perusahaan jasa dan dagang /cLantip Susilowati0 aEditor ; Binti Nur Asiyah aCetakan Pertama a220 hlm aPerpustakaan Umum Kota Makassar0 aDesain sampul dan tata letak ; Kukuh Adi Prabowo aYogyakarta :bKALIMEDIA,c2016 a657.662 a657.662 SUS m a978-602-6827-04-3 4aAkuntansi aAkuntansi